L'Ecole Sociologique et les origins de la morale / (Record no. 77311)
[ view plain ]
| 000 -LEADER | |
|---|---|
| campo de control de longitud fija | 00437nam a2200157 i 4500 |
| 001 - NÚMERO DE CONTROL | |
| campo de control | 77311 |
| 003 - IDENTIFICADOR DE NÚMERO DE CONTROL | |
| campo de control | ES-MaACL |
| 005 - FECHA Y HORA DE LA ÚLTIMA TRANSACCIÓN | |
| campo de control | 20230906173145.0 |
| 007 - CAMPO FIJO DE DESCRIPCIÓN FÍSICA--INFORMACIÓN GENERAL | |
| campo de control de longitud fija | t| |
| 008 - DATOS DE LONGITUD FIJA--INFORMACIÓN GENERAL | |
| campo de control de longitud fija | 041007s1923 fr ||||1| fre d |
| 100 1# - ENTRADA PRINCIPAL--NOMBRE DE PERSONA | |
| Nombre de persona | Habert, O. |
| 9 (RLIN) | 61380 |
| 245 12 - MENCIÓN DEL TÍTULO | |
| Título | L'Ecole Sociologique et les origins de la morale / |
| Mención de responsabilidad, etc. | par O. Habert. |
| 260 ## - PUBLICACIÓN, DISTRIBUCIÓN, ETC. | |
| Lugar de publicación, distribución, etc. | [Niort : |
| Nombre del editor, distribuidor, etc. | Th Martin, |
| Fecha de publicación, distribución, etc. | 1923] |
| 300 ## - DESCRIPCIÓN FÍSICA | |
| Extensión | VIII, 304 p. ; |
| Dimensiones | 19 cm. |
| 852 ## - LOCALIZACIÓN | |
| Ubicación | ES-MaACL |
| Número de control de estantería | F-6700 |
| Sublocalización o colección | R.5220 |
| Estatus retirado | Estado de pérdida | Estado de daño | No para préstamo | Biblioteca de origen | Biblioteca actual | Ubicación en estantería | Fecha de adquisición | Fuente de adquisición | Total de préstamos | Signatura topográfica completa | Código de barras | Visto por última vez | Precio de reemplazo | Tipo de ítem Koha |
|---|---|---|---|---|---|---|---|---|---|---|---|---|---|---|
| Biblioteca del Ateneo de Madrid | Biblioteca del Ateneo de Madrid | Depósito 2 | 17/01/2008 | F-6700 | 1080890 | 23/02/2023 | 23/02/2023 | Libro impreso |
